| 000 | 00877nam a22002057a 4500 | ||
|---|---|---|---|
| 999 |
_c12013 _d12013 |
||
| 003 | AR-CdUCM | ||
| 008 | 190405b ||||| |||| 00| 0 spa d | ||
| 040 |
_aMUNICIPALIDAD PROVINCIAL DEL CUSCO _cBIBLIOTECA MUNICIPAL DEL CUSCO |
||
| 082 |
_a346 / _bC81 / 1926 |
||
| 110 |
_aComunicación reformadora del código civil _929666 |
||
| 245 |
_aConsultas de la comisión reformadora del código civil : _bAcuerdos que modifican la legislación vigente / |
||
| 260 |
_aLima : _bGil, _c1926. |
||
| 300 |
_a533 páginas ; _c20 cm. |
||
| 505 | _aContenido : Consultas de la comisión reformadora del código civil sobre acuerdos que modifican la legislación vigente -- Respuesta a la consulta anterior -- Solicitudes de colaboración ... | ||
| 650 |
_aCódigo _928063 |
||
| 650 |
_aCivil _918612 |
||
| 650 |
_aDerecho _9739 |
||
| 942 |
_2ddc _cLIBROS |
||
| 945 |
_arah _d05/04/2019 |
||